00882nam a2200241 i 450000100060000000300090000600500170001500700030003200800410003510000420007624500500011825000120016826000780018030000200025850501040027874000200038274000190040274000150042174000310043685200330046799900170050095201230051720422ES-MaACL20260203063027.0t|021112s1944 sp ||||1| spa d1 aAgustí, Ignacio, d1913-197491890913aLa ceniza fué árbol / cIgnacio Agustí. a2ª ed. aBarcelona : bDestino, c[1944] (fTalls. Gráficos Agustín Núñez) a4 v. ; c20 cm.8 aContiene: I. Mariana Rebull -- II. El viudo Rius -- III. Desiderio -- IV. Joaquín Rius y su nieto0 aMariona Rebull.3 aEl Viudo Rius.0 aDesiderio.0 aJoaquín Rius y su nieto. aES-MaACLjE-3928-9 bR.20956 c20422d20422 00104070aATENEOMbATENEOMcDEPO2d2008-01-17eSCl0oE-3928-9p1020951r2023-02-23 00:00:00w2023-02-23yMONOGRAFIA